MARC

LEADER 00000nam0a2200000 4500
001 72011
005 20231101212622.0
035 |a (RuTPU)RU\TPU\book\76756 
090 |a 72011 
100 |a 20041229d1986 m y0rusy50 ca 
101 0 |a rus 
102 |a RU 
105 |a a z 000ay 
200 1 |a Повести и рассказы  |f Н. С. Лесков  |g сост. и вступ. ст. В. Ю. Троицкого, Иллюстрации А. Г. Тюрина 
210 |a Москва  |c Правда  |d 1986 
215 |a 476 с.  |c ил. 
600 1 |a Лесков  |b Н. С.  |c русский писатель  |f 1831-1895  |g Николай Семенович  |2 stltpush  |3 (RuTPU)RU\TPU\pers\6063  |9 1188 
610 1 |a русская литература 
610 1 |a художественная литература 
610 1 |a проза 
610 1 |a повести 
610 1 |a рассказы 
675 |a Р1  |v 3 
700 1 |a Лесков  |b Н. С.  |c русский писатель  |f 1831-1895  |g Николай Семенович  |2 stltpush  |3 (RuTPU)RU\TPU\pers\6063  |9 1188 
702 1 |a Троицкий  |b В. Ю.  |4 220 
702 1 |a Тюрин  |b А. Г.  |4 440 
801 1 |a RU  |b 63413507  |c 20041229  |g PSBO 
801 2 |a RU  |b 63413507  |c 20160118  |g PSBO 
942 |c BK